00567nam a2200205Ia 450000500170000000800410001702000150005808200130007310000140008624500380010026000400013830000120017865000100019065000100020065000220021065000130023294200060024595200950025199900150034620240604015239.0240331s9999 xx 000 0 und d a0631154450 bMORa364 aMorris, A 0aWomen, crime and criminal justice aOxford bBlackwell Publishersc1987 a270 p., aWomen aCrime aCriminal Justice  aFeminism cL 001040708LaWERCLbWERCLcSSCd2024-03-31l0o 364 MORp3547r2024-03-31w2024-03-31yL c2949d2949